000 00513cam a2200217ua 4500
020 _c29.50
041 _aeng
_h
082 _a005.133
_bJAI/FO
100 _aJain, A K .
245 _aFortran programming /
_cA K Jain.
_hTextual Documents
250 _a2 /
_b.
260 _aRoorkee :
_bNem Chand And Bros ,
_c1984.
300 _a312 ; .
365 _a29.50
504 _a
700 1 _aKeshavarao, M N .
942 _cBK
999 _c9675
_d9675